01891nam a22003974a 4500001001200000003000800012006001900020007001500039008004100054010001700095016002000112020001500132020001800147040002100165035002100186050002400207082002100231245022700252260008100479300002600560504005100586530002400637533015200661536024700813650003701060650003901097650002701136650001901163655002901182700002201211700002301233710007701256710001701333856012601350999001701476ebr10146770CaPaEBRm u cr cn|||||||||060427s2006 dcua sb 001 0 eng  z 20060141077 z1012754452DNLM z0309101115 z9780309101110 aCaPaEBRcCaPaEBR a(OCoLC)29049855514aRC547b.S554 2006eb04a362.196/849822200aSleep disorders and sleep deprivationh[electronic resource] :ban unmet public health problem /cCommittee on Sleep Medicine and Research, Board on Health Sciences Policy ; Harvey R. Colten and Bruce M. Altevogt, editors. aWashington, DC :bInstitute of Medicine :bNational Academies Press,cc2006. axviii, 404 p. :bill. aIncludes bibliographical references and index. aAlso issued online. aElectronic reproduction.bPalo Alto, Calif. :cebrary,d2013.nAvailable via World Wide Web.nAccess may be limited to ebrary affiliated libraries. aSupported by contracts between the National Academy of Sciences and the American Academy of Sleep Medicine, the Department of Health and Human Services, the National Sleep Foundation, and the Sleep Research SocietybContract no. N01-OD-4-2139 0aSleep disordersxSocial aspects. 0aSleep deprivationxSocial aspects. 0aSleepxSocial aspects. 0aPublic health. 7aElectronic books.2local1 aColten, Harvey R.1 aAltevogt, Bruce M.2 aInstitute of Medicine (U.S.).bCommittee on Sleep Medicine and Research.2 aebrary, Inc.40uhttp://site.ebrary.com/lib/rucke/Doc?id=10146770zAn electronic book accessible through the World Wide Web; click to view c88098d88098